Statistics for 和歌山県の市町村 (2000年)

Click here to take the quiz!

General Stats

  • This quiz has been taken 28 times
    (14 since last reset)
  • The average score is 45 of 50

Answers on the Map

Answers color-coded by a green-red scale on the quiz's map according to % correct below.
 

Answer Stats

ヒント市町村名% Correct
和歌山市わかやまし
100%
日高郡印南町いなみちょう
100%
有田郡広川町ひろがわちょう
100%
海南市かいなんし
100%
日高郡美浜町みはまちょう
100%
日高郡日高町ひだかちょう
100%
日高郡由良町ゆらちょう
100%
日高郡南部町みなべちょう
100%
西牟婁郡白浜町しらはまちょう
100%
伊都郡高野町こうやちょう
100%
西牟婁郡上富田町かみとんだちょう
100%
西牟婁郡すさみちょう
100%
西牟婁郡串本町くしもとちょう
100%
東牟婁郡那智勝浦町なちかつうらちょう
100%
東牟婁郡太地町たいじちょう
100%
東牟婁郡古座町こざちょう
100%
東牟婁郡古座川町こざがわちょう
100%
有田郡湯浅町ゆあさちょう
100%
東牟婁郡北山村きたやまむら
100%
那賀郡粉河町こかわちょう
100%
伊都郡高野口町こうやぐちちょう
100%
伊都郡かつらぎちょう
100%
橋本市はしもとし
100%
那賀郡岩出町いわでちょう
100%
有田市ありだし
100%
御坊市ごぼうし
100%
田辺市たなべし
100%
新宮市しんぐうし
100%
海草郡下津町しもつちょう
90%
東牟婁郡熊野川町くまのがわちょう
90%
伊都郡九度山町くどやまちょう
90%
西牟婁郡日置川町ひきがわちょう
80%
那賀郡那賀町ながちょう
80%
日高郡南部川村みなべがわむら
80%
伊都郡花園村はなぞのむら
80%
那賀郡打田町うちたちょう
80%
東牟婁郡本宮町ほんぐうちょう
80%
西牟婁郡中辺路町なかへちちょう
80%
有田郡吉備町きびちょう
80%
那賀郡貴志川町きしがわちょう
80%
日高郡龍神村りゅうじんむら
80%
日高郡中津村なかつむら
80%
那賀郡桃山町ももやまちょう
80%
日高郡美山村みやまむら
70%
海草郡野上町のかみちょう
70%
西牟婁郡大塔村おおとうむら
70%
海草郡美里町みさとちょう
70%
日高郡川辺町かわべちょう
60%
有田郡金屋町かなやちょう
60%
有田郡清水町しみずちょう
60%

Score Distribution

Percentile by Number Answered

Percent of People with Each Score

Your Score History

You have not taken this quiz since the last reset